[Event "GER Cup Net Final-B U2000"]
[Site "Playchess.com INT"]
[Date "2020.06.06"]
[Round "8"]
[White "Bittorf, Uwe"]
[Black "Engemann, Till"]
[Result "1-0"]
[WhiteElo "1836"]
[BlackElo "1953"]
[PlyCount "47"]
[EventDate "2020.06.06"]
[EventType "swiss (blitz)"]
[EventRounds "13"]
[EventCountry "GER"]
[SourceTitle "CBM 197 Extra"]
[Source "ChessBase"]
[SourceDate "2020.09.30"]
[SourceVersion "1"]
[SourceVersionDate "2020.09.30"]
[SourceQuality "1"]

1. e4 c5 2. Nf3 Nc6 3. d4 cxd4 4. Nxd4 Nf6 5. Nc3 e5 6. Ndb5 d6 7. Nd5 Nxd5 8. exd5 Nb8 9. c4 Be7 10. Be2 0-0 11. 0-0 f5 12. Qc2 Nd7 13. b3 a6 14. Nc3 Bf6 15. Bb2 e4 16. Rad1 Ne5 17. f3 e3 18. f4 Ng4 19. Rd3 Nf2 20. Rxe3 Bd4 21. Rf3 Ng4+ 22. Kh1 Ne3 23. Qd3 Bxc3 24. Qxc3 1-0

[Event "GER Cup Net Final-B U2000"]
[Site "Playchess.com INT"]
[Date "2020.06.06"]
[Round "3"]
[White "Bittorf, Uwe"]
[Black "Schondorf, Andree"]
[Result "0-1"]
[WhiteElo "1835"]
[BlackElo "1766"]
[PlyCount "132"]
[EventDate "2020.06.06"]
[EventType "swiss (blitz)"]
[EventRounds "13"]
[EventCountry "GER"]
[SourceTitle "CBM 197 Extra"]
[Source "ChessBase"]
[SourceDate "2020.09.30"]
[SourceVersion "1"]
[SourceVersionDate "2020.09.30"]
[SourceQuality "1"]

1. e4 c5 2. Nf3 d6 3. d4 cxd4 4. Nxd4 Nf6 5. Nc3 e5 6. Ndb5 a6 7. Na3 Be7 8. Bd3 0-0 9. 0-0 b5 10. Nd5 Nxd5 11. exd5 f5 12. c4 b4 13. Nc2 a5 14. b3 Nd7 15. Bb2 Nc5 16. Be2 Bf6 17. Kh1 f4 18. Bg4 Bxg4 19. Qxg4 Qc8 20. Qxc8 Raxc8 21. Rad1 Ra8 22. f3 Rfb8 23. g3 fxg3 24. hxg3 a4 25. Ne3 axb3 26. axb3 Nxb3 27. Nf5 Rd8 28. f4 exf4 29. Bxf6 gxf6 30. gxf4 Kf7 31. Rb1 Nd2 32. Rfd1 Nxb1 33. Rxb1 Rab8 34. Rb3 Rb6 35. Kg2 Rc8 36. Ne3 Ra8 37. Kf3 Ra3 38. Rb1 b3 39. Ke4 b2 40. Nf1 Ra1 41. Nd2 Rxb1 42. Nxb1 h5 43. Kf5 h4 44. Kg4 h3 45. Kxh3 Kg6 46. Kg4 f5+ 47. Kg3 Kh5 48. Kf3 Rb3+ 49. Kf2 Kg4 50. Ke2 Kxf4 51. Kd2 Kg3 52. Kc2 Rb8 53. Nd2 f4 54. Kb1 f3 55. c5 dxc5 56. d6 f2 57. d7 Kg2 58. Kc2 f1Q 59. Nxf1 Kxf1 60. Kb1 Rd8 61. Kxb2 Rxd7 62. Kc3 Rc7 63. Kc4 Ke2 64. Kc3 c4 65. Kc2 c3 66. Kc1 c2 0-1

[Event "GER Cup Net Final-B U2000"]
[Site "Playchess.com INT"]
[Date "2020.06.06"]
[Round "10"]
[White "Bittorf, Uwe"]
[Black "Wulff, Joerg"]
[Result "1-0"]
[WhiteElo "1869"]
[BlackElo "1888"]
[PlyCount "121"]
[EventDate "2020.06.06"]
[EventType "swiss (blitz)"]
[EventRounds "13"]
[EventCountry "GER"]
[SourceTitle "CBM 197 Extra"]
[Source "ChessBase"]
[SourceDate "2020.09.30"]
[SourceVersion "1"]
[SourceVersionDate "2020.09.30"]
[SourceQuality "1"]

1. e4 g6 2. Nf3 Bg7 3. d4 d6 4. c4 c5 5. Nc3 Na6 6. Be2 Nf6 7. Bg5 cxd4 8. Nxd4 0-0 9. Qd2 Nc5 10. f3 a6 11. h4 Nh5 12. g4 Ng3 13. Rh3 Nxe2 14. Ncxe2 Ne6 15. Bh6 Qb6 16. Bxg7 Kxg7 17. Nxe6+ Bxe6 18. h5 Rh8 19. 0-0-0 Bxc4 20. Nc3 Rac8 21. Rdh1 Qc6 22. Kb1 Qc5 23. f4 b5 24. f5 b4 25. Nd1 Bxa2+ 26. Kxa2 Qc4+ 27. Ka1 b3 28. Nc3 Qc5 29. Kb1 Qa5 30. hxg6 hxg6 31. Rxh8 Rxh8 32. Rxh8 Kxh8 33. Qh6+ Kg8 34. fxg6 fxg6 35. Qxg6+ Kf8 36. Qf5+ Qxf5 37. gxf5 Kf7 38. Kc1 Kf6 39. Kd2 e6 40. fxe6 Kxe6 41. Ke3 Ke5 42. Nd1 d5 43. exd5 Kxd5 44. Kd3 a5 45. Kc3 a4 46. Kb4 Kd4 47. Kxa4 Kc4 48. Nc3 Kd3 49. Kxb3 Kd4 50. Ka4 Kc5 51. b4+ Kb6 52. b5 Kb7 53. Kb4 Kb6 54. Nd5+ Kb7 55. Kc5 Ka7 56. b6+ Kb7 57. Kb5 Ka8 58. Kc6 Kb8 59. b7 Ka7 60. Kc7 Ka6 61. b8Q 1-0

[Event "GER Cup Net Final-B U2000"]
[Site "Playchess.com INT"]
[Date "2020.06.06"]
[Round "7"]
[White "Schewe, Bernhard"]
[Black "Bittorf, Uwe"]
[Result "0-1"]
[WhiteElo "1769"]
[BlackElo "1821"]
[PlyCount "72"]
[EventDate "2020.06.06"]
[EventType "swiss (blitz)"]
[EventRounds "13"]
[EventCountry "GER"]
[SourceTitle "CBM 197 Extra"]
[Source "ChessBase"]
[SourceDate "2020.09.30"]
[SourceVersion "1"]
[SourceVersionDate "2020.09.30"]
[SourceQuality "1"]

1. b4 d6 2. Bb2 e5 3. e3 Nf6 4. a4 Be7 5. Nf3 0-0 6. Be2 Be6 7. 0-0 Nbd7 8. c4 Re8 9. d3 Nf8 10. Nbd2 Qd7 11. b5 a6 12. Qc2 axb5 13. axb5 Bf5 14. e4 Be6 15. Rxa8 Rxa8 16. Ra1 Qc8 17. Rxa8 Qxa8 18. Qb1 Qa4 19. Bd1 Qa7 20. Ng5 Ng4 21. Bxg4 Bxg5 22. Bxe6 Nxe6 23. Nf3 Bf6 24. Qa1 Qxa1+ 25. Bxa1 Nf4 26. Ne1 Kf8 27. Kf1 Ke7 28. g3 Ne6 29. Ke2 Nc5 30. Bc3 Ke6 31. f4 exf4 32. gxf4 Bxc3 33. Nf3 Ke7 34. h4 Ne6 35. f5 Nd4+ 36. Nxd4 Bxd4 0-1

[Event "GER Cup Net V3 U2000"]
[Site "Playchess.com INT"]
[Date "2020.05.27"]
[Round "9"]
[White "Eichner, Christian"]
[Black "Bittorf, Uwe"]
[Result "0-1"]
[WhiteElo "1679"]
[BlackElo "1698"]
[PlyCount "104"]
[EventDate "2020.05.27"]
[EventType "swiss (blitz)"]
[EventRounds "9"]
[EventCountry "GER"]
[SourceTitle "EXT 2021"]
[Source "ChessBase"]
[SourceDate "2020.10.23"]
[SourceVersion "1"]
[SourceVersionDate "2020.10.23"]
[SourceQuality "1"]

1. e4 c5 2. Nf3 Nc6 3. Bb5 d6 4. 0-0 Nf6 5. Re1 e6 6. c3 Be7 7. d4 0-0 8. h3 Qb6 9. Na3 cxd4 10. cxd4 Bd7 11. e5 Nd5 12. Bxc6 Bxc6 13. exd6 Bxd6 14. Nc4 Qc7 15. Nxd6 Qxd6 16. Bd2 Nf4 17. Bxf4 Qxf4 18. Ne5 Bd5 19. Qg4 Qxg4 20. hxg4 Rac8 21. b3 Rc2 22. Rec1 Rfc8 23. Nd3 Be4 24. Rxc2 Rxc2 25. Nb4 Rd2 26. Rc1 g6 27. Rc8+ Kg7 28. Rd8 a5 29. f3 Bb1 30. d5 axb4 31. d6 Kf6 32. Rb8 Rxd6 33. Rxb7 Rd4 34. Ra7 Rd2 35. Ra4 Bxa2 36. Rxb4 Rb2 37. Ra4 Bxb3 38. Rb4 Rb1+ 39. Kf2 Ba2 40. Ra4 Bd5 41. Kg3 g5 42. Ra5 Rb2 43. Rc5 Ke5 44. Ra5 f5 45. Ra7 f4+ 46. Kh3 Rb1 47. Kh2 Rb2 48. Rxh7 Bxf3 49. Rh6 Rxg2+ 50. Kh3 Rg1 51. Rxe6+ Kxe6 52. Kh2 Rh1# 0-1

[Event "GER Cup Net V3 U2000"]
[Site "Playchess.com INT"]
[Date "2020.05.27"]
[Round "2"]
[White "Wall, Viktor"]
[Black "Bittorf, Uwe"]
[Result "0-1"]
[WhiteElo "1544"]
[BlackElo "1698"]
[PlyCount "72"]
[EventDate "2020.05.27"]
[EventType "swiss (blitz)"]
[EventRounds "9"]
[EventCountry "GER"]
[SourceTitle "EXT 2021"]
[Source "ChessBase"]
[SourceDate "2020.10.23"]
[SourceVersion "1"]
[SourceVersionDate "2020.10.23"]
[SourceQuality "1"]

1. e4 c5 2. Nc3 Nc6 3. Bb5 d6 4. Bxc6+ bxc6 5. f4 Nf6 6. Nf3 e6 7. 0-0 Be7 8. d3 0-0 9. Qe1 Rb8 10. b3 Nd7 11. f5 Bf6 12. Rb1 Qa5 13. Bd2 Qb6 14. Na4 Qc7 15. Qg3 exf5 16. exf5 Ne5 17. Nc3 Qa5 18. Ne4 Nxf3+ 19. Qxf3 Qd8 20. Nxf6+ Qxf6 21. c4 Bb7 22. Qg3 Rbe8 23. Bg5 Qd4+ 24. Kh1 Re2 25. a4 Rfe8 26. f6 g6 27. Qh3 h5 28. Qf3 d5 29. Bc1 Bc8 30. Bb2 Qg4 31. cxd5 Qxf3 32. gxf3 cxd5 33. d4 Bh3 34. Rg1 Bf5 35. Rbc1 Rxb2 36. dxc5 Ree2 0-1

[Event "GER Cup Net V1 U2000"]
[Site "Playchess.com INT"]
[Date "2020.05.19"]
[Round "4"]
[White "Bittorf, Uwe"]
[Black "Kuehn, Viktoria"]
[Result "0-1"]
[WhiteElo "1771"]
[BlackElo "1653"]
[PlyCount "104"]
[EventDate "2020.05.19"]
[EventType "swiss (blitz)"]
[EventRounds "9"]
[EventCountry "GER"]
[SourceTitle "EXT 2021"]
[Source "ChessBase"]
[SourceDate "2020.10.23"]
[SourceVersion "1"]
[SourceVersionDate "2020.10.23"]
[SourceQuality "1"]

1. e4 c6 2. d4 d5 3. exd5 cxd5 4. Bd3 Nf6 5. h3 Qc7 6. Nf3 g6 7. c3 Bf5 8. Bxf5 gxf5 9. Ne5 e6 10. Nd2 Nc6 11. Ndf3 Bd6 12. Bf4 Rg8 13. Qe2 0-0-0 14. 0-0-0 Ne4 15. g3 f6 16. Nd3 Bxf4+ 17. Nxf4 Rde8 18. Kb1 Qd6 19. Nd2 Nxd2+ 20. Qxd2 Na5 21. Rhe1 Nc4 22. Qc2 Re7 23. Nd3 Rge8 24. Re2 Qb6 25. Rde1 Na3+ 26. Kc1 Nxc2 27. Kxc2 Qa6 28. Nb4 Qa4+ 29. Kb1 a5 30. Nd3 Qc4 31. Nc5 b6 32. Nxe6 Qd3+ 33. Kc1 Qxe2 34. Rxe2 Rxe6 35. Rd2 Re1+ 36. Kc2 R1e2 37. b3 Rxd2+ 38. Kxd2 Kc7 39. Kd3 Kd6 40. Kd2 Re4 41. Kd1 b5 42. Kd2 a4 43. Kd1 axb3 44. axb3 Re8 45. Kd2 Ra8 46. c4 bxc4 47. bxc4 dxc4 48. Kc3 Kd5 49. f4 Ra3+ 50. Kd2 Rxg3 51. h4 Rh3 52. h5 Rxh5 0-1

[Event "GER Cup Net V1 U2000"]
[Site "Playchess.com INT"]
[Date "2020.05.19"]
[Round "2"]
[White "Bittorf, Uwe"]
[Black "May, Alexander1111"]
[Result "1-0"]
[WhiteElo "1771"]
[BlackElo "1608"]
[PlyCount "61"]
[EventDate "2020.05.19"]
[EventType "swiss (blitz)"]
[EventRounds "9"]
[EventCountry "GER"]
[SourceTitle "EXT 2021"]
[Source "ChessBase"]
[SourceDate "2020.10.23"]
[SourceVersion "1"]
[SourceVersionDate "2020.10.23"]
[SourceQuality "1"]

1. e4 c5 2. Nf3 d6 3. d4 Nf6 4. dxc5 Nxe4 5. cxd6 Nxd6 6. Nc3 Nc6 7. Bd3 e6 8. 0-0 Be7 9. Bf4 a6 10. Re1 0-0 11. Qe2 b5 12. Rad1 Bb7 13. Ne4 Nxe4 14. Qxe4 g6 15. Bh6 Re8 16. Bxb5 Qb6 17. Ba4 Red8 18. Bxc6 Bxc6 19. Qe5 Bf8 20. Bxf8 Kxf8 21. b3 Bxf3 22. gxf3 Kg8 23. c4 Ra7 24. Qe3 Qb8 25. Rxd8+ Qxd8 26. Qxa7 Kg7 27. Qe3 Qa5 28. Re2 Qa3 29. f4 Qd6 30. Qe5+ Qxe5 31. fxe5 1-0

[Event "GER-ch Net Amateur Gr-A Vor2"]
[Site "Playchess.com INT"]
[Date "2020.04.15"]
[Round "7"]
[White "Kreigenfeld, Sven"]
[Black "Bittorf, Uwe"]
[Result "1-0"]
[WhiteElo "1741"]
[BlackElo "1877"]
[PlyCount "81"]
[EventDate "2020.04.15"]
[EventType "swiss (blitz)"]
[EventRounds "9"]
[EventCountry "GER"]
[SourceTitle "CBM 196 Extra"]
[Source "ChessBase"]
[SourceDate "2020.07.31"]
[SourceVersion "1"]
[SourceVersionDate "2020.07.31"]
[SourceQuality "1"]

1. e4 c5 2. Nf3 Nc6 3. Bb5 d6 4. 0-0 Nf6 5. Re1 e6 6. c3 Bd7 7. d4 Be7 8. Nbd2 0-0 9. Nf1 a6 10. Ba4 b5 11. Bc2 Rc8 12. Bg5 Qb6 13. Rc1 cxd4 14. cxd4 Nb4 15. Bb1 Rxc1 16. Qxc1 Rc8 17. Qd2 Nc6 18. a3 Qd8 19. Qd3 Na5 20. Bxf6 Bxf6 21. e5 dxe5 22. Qxh7+ Kf8 23. dxe5 Bg5 24. Qh8+ Ke7 25. Qxg7 Bf4 26. Qf6+ Kf8 27. Qxf4 Nc4 28. Ng5 Qe7 29. Qh4 Qc5 30. Qh8+ Ke7 31. Qf6+ Ke8 32. Qxf7+ Kd8 33. Nxe6+ Bxe6 34. Qxe6 Rc6 35. Rd1+ Kc7 36. Qd7+ Kb6 37. Qd8+ Rc7 38. Be4 Nxe5 39. b4 Qc3 40. Rd6+ Nc6 41. Bxc6 1-0

[Event "GER-ch Net Amateur Gr-A Vor1"]
[Site "Playchess.com INT"]
[Date "2020.04.14"]
[Round "4"]
[White "Bittorf, Uwe"]
[Black "Irkilmez, Yakub"]
[Result "1-0"]
[WhiteElo "1809"]
[BlackElo "2089"]
[PlyCount "69"]
[EventDate "2020.04.14"]
[EventType "swiss (blitz)"]
[EventRounds "9"]
[EventCountry "GER"]
[SourceTitle "EXT 2021"]
[Source "ChessBase"]
[SourceDate "2020.10.23"]
[SourceVersion "1"]
[SourceVersionDate "2020.10.23"]
[SourceQuality "1"]

1. e4 e6 2. d4 d5 3. exd5 exd5 4. Bd3 Bd6 5. Nf3 Nf6 6. 0-0 0-0 7. Bg5 h6 8. Bh4 c6 9. c4 dxc4 10. Bxc4 Bg4 11. Nbd2 Nbd7 12. Re1 Qb6 13. Qc2 Bb4 14. Be2 Bxf3 15. Bxf3 Qxd4 16. Bg3 Rfe8 17. Rxe8+ Rxe8 18. Nb3 Qb6 19. Rd1 a5 20. a3 Bf8 21. Nd4 Rd8 22. Nf5 Nc5 23. Re1 Ne6 24. Qc3 Nd5 25. Qe5 Re8 26. Bxd5 cxd5 27. Qxd5 Nf4 28. Qd1 Rxe1+ 29. Qxe1 Nd3 30. Qe8 Qxb2 31. h3 Qxa3 32. Bd6 Qc1+ 33. Kh2 Qg5 34. Qxf8+ Kh7 35. Ne7 1-0

[Event "GER-ch Net Amateur Gr-A Vor1"]
[Site "Playchess.com INT"]
[Date "2020.04.14"]
[Round "6"]
[White "Bittorf, Uwe"]
[Black "Laux, Dominik"]
[Result "0-1"]
[WhiteElo "1853"]
[BlackElo "2019"]
[PlyCount "100"]
[EventDate "2020.04.14"]
[EventType "swiss (blitz)"]
[EventRounds "9"]
[EventCountry "GER"]
[SourceTitle "EXT 2021"]
[Source "ChessBase"]
[SourceDate "2020.10.23"]
[SourceVersion "1"]
[SourceVersionDate "2020.10.23"]
[SourceQuality "1"]

1. e4 c6 2. d4 d5 3. exd5 cxd5 4. Bd3 Nf6 5. h3 Nc6 6. Nf3 Qc7 7. c3 e5 8. dxe5 Nxe5 9. Nxe5 Qxe5+ 10. Be3 Be7 11. 0-0 0-0 12. Nd2 Ne4 13. Bd4 Qc7 14. Nxe4 dxe4 15. Bxe4 Re8 16. Qc2 g6 17. Rfe1 Be6 18. Rad1 Rad8 19. a3 a6 20. Qe2 b5 21. Qf3 Rd6 22. Rd2 Qd7 23. Rde2 Bc4 24. Rd2 Bg5 25. Rdd1 Rde6 26. Qg4 Qe7 27. f3 f5 28. Qg3 fxe4 29. fxe4 Bf6 30. e5 Bxe5 31. Bxe5 Rxe5 32. Rf1 Bxf1 33. Rxf1 Re1 34. Qf4 Rxf1+ 35. Qxf1 Qe1 36. Qxe1 Rxe1+ 37. Kf2 Rb1 38. b3 Rxb3 39. Ke3 Rxc3+ 40. Kd4 Rxa3 41. Kc5 Rg3 42. Kb6 Rxg2 43. Kxa6 Rg3 44. Kxb5 Rxh3 45. Kc5 Re3 46. Kd4 Re8 47. Kd5 Kf8 48. Kd6 g5 49. Kd5 g4 50. Kd4 g3 0-1

[Event "GER-ch Net Amateur Gr-A Vor1"]
[Site "Playchess.com INT"]
[Date "2020.04.14"]
[Round "1"]
[White "Bittorf, Uwe"]
[Black "Wehner, Roland"]
[Result "1-0"]
[WhiteElo "1798"]
[BlackElo "2070"]
[PlyCount "113"]
[EventDate "2020.04.14"]
[EventType "swiss (blitz)"]
[EventRounds "9"]
[EventCountry "GER"]
[SourceTitle "EXT 2021"]
[Source "ChessBase"]
[SourceDate "2020.10.23"]
[SourceVersion "1"]
[SourceVersionDate "2020.10.23"]
[SourceQuality "1"]

1. e4 d6 2. d4 Nf6 3. Nc3 g6 4. Nf3 Bg7 5. Bc4 a6 6. Be3 b5 7. Bd3 Bb7 8. a3 Nbd7 9. 0-0 0-0 10. h3 c5 11. e5 dxe5 12. dxe5 Bxf3 13. Qxf3 Nxe5 14. Qe2 Nxd3 15. cxd3 Qd6 16. Rac1 Rac8 17. Rfd1 Rfd8 18. Ne4 Nxe4 19. dxe4 Qe5 20. Rxd8+ Rxd8 21. Rxc5 Qxe4 22. Rc7 Qb1+ 23. Kh2 Be5+ 24. g3 Bxc7 25. Bf4 Bxf4 26. gxf4 Qf5 27. Qxe7 Qxf4+ 28. Kg2 Qd6 29. Qe3 h5 30. h4 Qe6 31. Qc3 Qg4+ 32. Kf1 Rd1+ 33. Qe1 Qh3+ 34. Ke2 Qc3 35. Qxc3 Rd6 36. Qc8+ Kg7 37. Qc5 Re6+ 38. Kf1 Kf6 39. a4 bxa4 40. Qc3+ Ke7 41. Qb4+ Kf6 42. Qxa4 Kg7 43. Qc2 Kh7 44. b4 Kg7 45. Kg2 Kf8 46. Qc7 Kg7 47. Qc3+ Kf8 48. f4 Ke7 49. Kf3 Kf8 50. Qc5+ Kg7 51. Qd4+ Kf8 52. f5 gxf5 53. Qh8+ Ke7 54. Qxh5 Re5 55. Qg5+ Ke6 56. h5 Rc5 57. bxc5 1-0

[Event "GER-ch Net blitz qual4"]
[Site "Playchess.com INT"]
[Date "2020.03.23"]
[Round "1"]
[White "Federau, Juergen1111"]
[Black "Bittorf, Uwe"]
[Result "1-0"]
[WhiteElo "2124"]
[BlackElo "1762"]
[PlyCount "159"]
[EventDate "2020.03.23"]
[EventType "swiss (blitz)"]
[EventRounds "9"]
[EventCountry "GER"]
[SourceTitle "CBM 195 Extra"]
[Source "ChessBase"]
[SourceDate "2020.05.31"]
[SourceVersion "1"]
[SourceVersionDate "2020.05.31"]
[SourceQuality "1"]

1. d4 Nf6 2. c4 e5 3. e3 exd4 4. exd4 d5 5. Nf3 c6 6. Nc3 Bd6 7. Bd3 Be6 8. cxd5 Nxd5 9. 0-0 0-0 10. Re1 Nd7 11. Bg5 N7f6 12. Rc1 Rc8 13. Ne4 Be7 14. Nc5 Bxc5 15. dxc5 Qc7 16. a3 Rcd8 17. Qc2 h6 18. Bh4 Nf4 19. Bg3 N6d5 20. Nd4 Bc8 21. Rcd1 Qd7 22. Bf1 Qg4 23. Be2 Qg6 24. Qxg6 Nxg6 25. Bf3 Ngf4 26. Re4 g5 27. h4 Rfe8 28. hxg5 hxg5 29. Rde1 Bd7 30. Ne2 Rxe4 31. Bxe4 Re8 32. f3 f5 33. Bxd5+ Nxd5 34. Kf2 f4 35. Bh2 Ne3 36. g3 Nd5 37. gxf4 gxf4 38. Rg1+ Kf8 39. Nxf4 Nxf4 40. Bxf4 Bf5 41. Bd6+ Kf7 42. Rg5 Kf6 43. Rg1 Rh8 44. f4 Rh3 45. Rg3 Rh2+ 46. Rg2 Rh3 47. Be5+ Kf7 48. Rg7+ Ke6 49. Rxb7 Kd5 50. Bd6 a6 51. Re7 Bd3 52. Re3 Rxe3 53. Kxe3 Bf5 54. Kf2 Kc4 55. Ke3 Kd5 56. Kd2 Kd4 57. Ke1 Ke3 58. Be5 Kd3 59. Kf2 Kd2 60. Kg3 Kd3 61. Kh4 Ke4 62. Kg5 Be6 63. Kf6 Bf5 64. Ke7 Kd5 65. Bd6 Bg4 66. Kf6 Ke4 67. Ke7 Kd5 68. Kd8 Bf5 69. Kc7 Bd3 70. Kb6 Ke6 71. Kxc6 Be4+ 72. Kb6 Bd3 73. Be5 Kd5 74. b4 Bb5 75. Bd6 Ke6 76. Bf8 Kd5 77. f5 Ke5 78. c6 Kxf5 79. c7 Bd7 80. Kb7 1-0

[Event "GER-ch Net blitz qual3"]
[Site "Playchess.com INT"]
[Date "2020.03.21"]
[Round "1"]
[White "Bittorf, Uwe"]
[Black "Zelbel, Patrick"]
[Result "0-1"]
[WhiteElo "1805"]
[BlackElo "2446"]
[PlyCount "65"]
[EventDate "2020.03.21"]
[EventType "swiss (blitz)"]
[EventRounds "9"]
[EventCountry "GER"]
[SourceTitle "CBM 195 Extra"]
[Source "ChessBase"]
[SourceDate "2020.05.31"]
[SourceVersion "1"]
[SourceVersionDate "2020.05.31"]
[SourceQuality "1"]

1. e4 d5 2. exd5 Qxd5 3. Nc3 Qa5 4. Bc4 Nf6 5. Nf3 Bf5 6. 0-0 e6 7. d4 Bb4 8. Bd2 Bxc3 9. Bxc3 Qb6 10. Re1 0-0 11. Bd3 Bxd3 12. Qxd3 Rd8 13. Re2 Nc6 14. Rd1 Rd5 15. Ne5 Nxe5 16. Rxe5 Rad8 17. Rxd5 Rxd5 18. Qf3 Qd6 19. Re1 b5 20. b3 Qa6 21. Qg3 Qc6 22. Re2 h6 23. Bb2 Rg5 24. Qh3 b4 25. f4 Rd5 26. c4 bxc3 27. Qxc3 Qa6 28. Qc4 Qxa2 29. Qxc7 Qb1+ 30. Kf2 Ng4+ 31. Kg3 Qd3+ 32. Kxg4 Qxe2+ 33. Kh3 0-1

[Event "GER-ch Net blitz qual2"]
[Site "Playchess.com INT"]
[Date "2020.03.16"]
[Round "3"]
[White "Fruth, David"]
[Black "Bittorf, Uwe"]
[Result "1/2-1/2"]
[WhiteElo "1738"]
[BlackElo "1856"]
[PlyCount "59"]
[EventDate "2020.03.16"]
[EventType "swiss (blitz)"]
[EventRounds "9"]
[EventCountry "GER"]
[SourceTitle "CBM 195 Extra"]
[Source "ChessBase"]
[SourceDate "2020.05.31"]
[SourceVersion "1"]
[SourceVersionDate "2020.05.31"]
[SourceQuality "1"]

1. e4 c5 2. Nf3 Nc6 3. d4 cxd4 4. Nxd4 d6 5. Nc3 g6 6. Be3 Bg7 7. Bc4 Nf6 8. 0-0 Ng4 9. Bb5 Nxe3 10. Nxc6 bxc6 11. Bxc6+ Bd7 12. Bxd7+ Qxd7 13. fxe3 0-0 14. Qd3 Rab8 15. Rab1 Rfc8 16. Nd1 Qa4 17. c3 Qxa2 18. Rf2 Rb3 19. Qd5 Rcb8 20. Qxf7+ Kh8 21. Rc1 Bf6 22. Rxf6 exf6 23. Qxf6+ Kg8 24. Qe6+ Kg7 25. Qe7+ Kh6 26. Qh4+ Kg7 27. Qe7+ Kg8 28. Qe6+ Kh8 29. Qf6+ Kg8 30. Qe6+ 1/2-1/2

[Event "Berlin op 03"]
[Site "Berlin"]
[Date "2005.04.02"]
[Round "8"]
[White "Malzahn, Sven"]
[Black "Bittorf, Uwe"]
[Result "1/2-1/2"]
[WhiteElo "1930"]
[BlackElo "1999"]
[PlyCount "55"]
[EventDate "2005.03.25"]
[EventType "swiss"]
[EventRounds "9"]
[EventCountry "GER"]
[SourceTitle "EXT 2007"]
[Source "ChessBase"]
[SourceDate "2006.11.23"]
[SourceVersion "1"]
[SourceVersionDate "2006.11.23"]
[SourceQuality "1"]

1. e4 c5 2. Nf3 Nc6 3. Bb5 d6 4. d4 cxd4 5. Qxd4 Bd7 6. Bxc6 bxc6 7. 0-0 Qb6 8. Be3 Qxd4 9. Bxd4 Nf6 10. e5 Nd5 11. exd6 exd6 12. Re1+ Be6 13. c4 Nc7 14. Nbd2 f6 15. Bc3 Kd7 16. Nd4 Re8 17. Ba5 Bf7 18. Rxe8 Bxe8 19. Re1 Bf7 20. b3 Ne6 21. Bc3 Nc5 22. Ne4 Nxe4 23. Rxe4 d5 24. cxd5 Bxd5 25. Re1 g6 26. Nc2 Be7 27. Ne3 Rc8 28. Ng4 1/2-1/2

[Event "Berlin op 03"]
[Site "Berlin"]
[Date "2005.03.30"]
[Round "5"]
[White "Bittorf, Uwe"]
[Black "Jaeger, Andre"]
[Result "1/2-1/2"]
[WhiteElo "1999"]
[BlackElo "2081"]
[PlyCount "104"]
[EventDate "2005.03.25"]
[EventType "swiss"]
[EventRounds "9"]
[EventCountry "GER"]
[SourceTitle "EXT 2007"]
[Source "ChessBase"]
[SourceDate "2006.11.23"]
[SourceVersion "1"]
[SourceVersionDate "2006.11.23"]
[SourceQuality "1"]

1. e4 c5 2. Nc3 Nc6 3. g3 e6 4. Bg2 Nf6 5. d3 Be7 6. Bg5 h6 7. Bxf6 Bxf6 8. Nge2 Rb8 9. f4 d6 10. 0-0 Nd4 11. Rb1 b5 12. e5 dxe5 13. Ne4 0-0 14. c3 Nxe2+ 15. Qxe2 exf4 16. Nxc5 fxg3 17. hxg3 Qc7 18. Ne4 Be7 19. Qh5 f5 20. Qg6 Rb6 21. Nd2 Bg5 22. Nf3 Qxg3 23. Nxg5 Qxg5 24. Qxg5 hxg5 25. d4 Bb7 26. Rbe1 Bxg2 27. Kxg2 Rf6 28. Re5 g6 29. Rfe1 a6 30. Rc5 Rd6 31. b3 Rf8 32. a4 bxa4 33. bxa4 Rb8 34. Rc7 Rbb6 35. Rh1 Rbc6 36. Ra7 Rxc3 37. Rhh7 Rxd4 38. Rhg7+ Kf8 39. Rgf7+ Ke8 40. Rfe7+ Kd8 41. Kf1 Rc2 42. Ke1 Rxa4 43. Kd1 Rac4 44. Rg7 Rc7 45. Ra8+ Rc8 46. Rxa6 R2c6 47. Ra3 Rd6+ 48. Ke1 e5 49. Raa7 Re6 50. Rg8+ Re8 51. Rgg7 Rc6 52. Ra8+ Rc8 1/2-1/2

[Event "Berlin op 03"]
[Site "Berlin"]
[Date "2005.03.27"]
[Round "2"]
[White "Binder, Thomas"]
[Black "Bittorf, Uwe"]
[Result "0-1"]
[WhiteElo "1796"]
[BlackElo "1999"]
[PlyCount "62"]
[EventDate "2005.03.25"]
[EventType "swiss"]
[EventRounds "9"]
[EventCountry "GER"]
[SourceTitle "EXT 2007"]
[Source "ChessBase"]
[SourceDate "2006.11.23"]
[SourceVersion "1"]
[SourceVersionDate "2006.11.23"]
[SourceQuality "1"]

1. e4 c5 2. d4 cxd4 3. c3 dxc3 4. Nxc3 Nc6 5. Nf3 d6 6. Bc4 e6 7. 0-0 Nf6 8. Qe2 a6 9. Rd1 Qc7 10. Bg5 Be7 11. Rac1 0-0 12. Bb3 Bd7 13. Nd5 exd5 14. exd5 Bg4 15. dxc6 bxc6 16. Bxf6 Bxf6 17. Bd5 Rab8 18. Rxc6 Rxb2 19. Qxa6 Qb8 20. h3 Bd7 21. Rcc1 Bb5 22. Qa3 Be2 23. Re1 Qb5 24. Bc6 Qb6 25. Qe3 Qxe3 26. fxe3 Rxa2 27. Nd4 Bd3 28. Red1 Bg6 29. Nb5 Bg5 30. Re1 Rd2 31. Nd4 Bxe3+ 0-1

[Event "Berlin op 03"]
[Site "Berlin"]
[Date "2005.03.26"]
[Round "1"]
[White "Bittorf, Uwe"]
[Black "Ostwald, Tobias"]
[Result "1-0"]
[WhiteElo "1999"]
[BlackElo "1591"]
[PlyCount "23"]
[EventDate "2005.03.25"]
[EventType "swiss"]
[EventRounds "9"]
[EventCountry "GER"]
[SourceTitle "EXT 2007"]
[Source "ChessBase"]
[SourceDate "2006.11.23"]
[SourceVersion "1"]
[SourceVersionDate "2006.11.23"]
[SourceQuality "1"]

1. e4 c5 2. Nf3 Nc6 3. d4 cxd4 4. Nxd4 e5 5. Nb5 a6 6. Nd6+ Bxd6 7. Qxd6 Qe7 8. Qd1 b5 9. Nc3 Bb7 10. Nd5 Qd6 11. Be3 Na5 12. Bb6 1-0

[Event "Greifswald Klar op 1st"]
[Site "Greifswald"]
[Date "2003.07.11"]
[Round "3"]
[White "Glowna, Klaus"]
[Black "Bittorf, Uwe"]
[Result "1-0"]
[WhiteElo "1627"]
[BlackElo "1986"]
[PlyCount "127"]
[EventDate "2003.07.10"]
[EventType "swiss"]
[EventRounds "7"]
[EventCountry "GER"]
[SourceTitle "EXT 2005"]
[Source "ChessBase"]
[SourceDate "2004.11.15"]
[SourceVersion "1"]
[SourceVersionDate "2004.11.15"]
[SourceQuality "1"]

1. e4 c5 2. Nf3 Nc6 3. d4 cxd4 4. Nxd4 d6 5. Bc4 Nf6 6. Nc3 g6 7. Nxc6 bxc6 8. e5 Ng8 9. Qf3 e6 10. Qxc6+ Bd7 11. Qa6 dxe5 12. 0-0 Qb6 13. Qxb6 axb6 14. Be3 Rb8 15. Bb5 Nf6 16. Bg5 Be7 17. Bxf6 Bxf6 18. Bxd7+ Kxd7 19. Rfd1+ Kc6 20. Ne4 Be7 21. Rd3 Rhd8 22. Rad1 Ra8 23. Rxd8 Rxd8 24. Rxd8 Bxd8 25. f3 f5 26. Nc3 b5 27. a3 Kc5 28. Kf2 Kc4 29. Ke2 Be7 30. Nb1 Bd6 31. h3 Kd5 32. Kd3 Kc5 33. Nc3 Bc7 34. Nd1 Kd5 35. Ne3+ Kc5 36. b4+ Kc6 37. c4 Bb6 38. Nd1 Bd4 39. Nc3 bxc4+ 40. Kxc4 Bxc3 41. Kxc3 Kb5 42. Kd3 h5 43. h4 Kc6 44. a4 Kb6 45. Kc4 Kb7 46. Kc5 f4 47. Kc4 e4 48. fxe4 f3 49. gxf3 g5 50. hxg5 h4 51. g6 h3 52. g7 h2 53. g8Q h1Q 54. Qf7+ Kb8 55. Qe8+ Kc7 56. Qe7+ Kb8 57. Kb5 Qxf3 58. Kb6 Qe3+ 59. Qc5 Qf4 60. e5 Qf7 61. Qd6+ Kc8 62. Qc6+ Kb8 63. a5 Qe7 64. Qd6+ 1-0